000 01942cam a2200301 4500500
005 20260111145746.0
041 _afre
042 _adc
100 1 0 _aKourotchkine, Olexandre
_eauthor
245 0 0 _aCombats rituels et masques
260 _c2004.
500 _a74
520 _aRésuméLa culture populaire slave perpétue un rituel (commun à beaucoup de pays de cette aire culturelle) qui plonge ses racines jusqu’au monde païen : un combat aux règles clairement définies, opposant plusieurs équipes composées d’après des critères territoriaux ou sociaux. Comment ces joutes se déroulent-elles ? Quels sont les sens de ces survivances ? Quels en sont les buts ?
520 _aSlavic folk culture perpetuates a ritual (common to many countries of this cultural area) whose roots reach back into the pagan world : a fight with clearly defined rules opposes several teams composed according to territorial or social criteria. How do these ritual fights take place ? What is their meaning ? What is their object ?
520 _aZusammenfassungDie slawische Folkskultur lässt ein Ritual fortbestehen, (das vielen Ländern dieses Kulturraums gemein ist), dessen Wurzeln bis in die heidnische Welt zurückreichen : einen Kampf mit klar bestimmten Regeln, in dem sich mehrere Teams gegenüberstehen, die nach territorialen oder sozialen Kriterien zusammengesetzt sind. Wie laufen solche rituelle Kämpfe ab ? Was ist ihre Bedeutung ? Was ist ihr Ziel ?
690 _acombats rituels
690 _ainitiation
690 _amasques
690 _aNouvel An
690 _arécompense
690 _ainitiation
690 _amasks
690 _aNew Year
690 _arewards
690 _aritual fights
786 0 _nEthnologie française | 34 | 2 | 2004-06-01 | p. 235-240 | 0046-2616
856 4 1 _uhttps://shs.cairn.info/revue-ethnologie-francaise-2004-2-page-235?lang=fr&redirect-ssocas=7080
999 _c1636405
_d1636405